000 00470nam a22001817a 4500
005 20251108164139.0
008 250721s2000 xx 000 0 ara d
082 1 4 _a811.9565/سما
100 1 _aالسماوي، شاكر
245 1 0 _aتقاسيم /
264 1 _aدمشق :
_bالاهالي،
_c2000.
300 _a128ص
650 1 7 _aالأدب العربي
650 1 7 _aالشعر العربي
650 1 7 _aالعراق
942 _2ddc
_cBK
999 _c4826
_d4826